1136 1459 1326 1832 1416 1781 1712 1339 1693 1653 1933 1089 1942 1630 1112 1842 1054 1316 1543 1824 1867 1028 1383 1064 1404 1594 1989 1757 1915 1910 1485 1276 1053 1920 1740 1555 1347 1184 1951 1807 1967 1691 1083 1885 1834 1024 1547 1858 1894 1195 1520 1239 1334 1598 1673 1638 1805 1594 1776 1887 1273 1928 1212 1420 1562 1738 1366 1949 1401 1984 1951 1712 1950 1643 1785 1333 1440 1879 1046 1758 1914 1690 1473 1981 1185 1947 1586 1890 1966 1259 1061 1808 1855 1153 1985 1509 1406 1178 1838 BCNSPRNW ULIB Ver.6.0+V

เปลี่ยนเป็นภาษาไทย

Change to English
 แสดงรายละเอียดบรรณานุกรม
  กลับหน้าหลัก

Brief Record : Get Marc (ISO 2709) : E-mail record : QR code < ปิดหน้าต่าง
LEADER : 00000nam 2200000uu 4500
001    13399124517
003     ULIB
008    150818s2542||||th 000 0 tha d
020    9789742552787 (ล.2)
020    9742552789 (ล.2)
090    นว.^bพ541ส ล.2
100 0  พัดชา
245 00 สามี เล่ม2/^cพัดชา
250    พิมพ์ครั้งที่ 2
260    กรุงเทพฯ :^bบูรพาสาส์น(1991)จำกัด,^c2542
300    552 หน้า
945    ^p350^l0^i23109
995    ทศพร
999     ^aใช้งานได้ทุกระบบ
รายการนี้ยังไม่มีแท็ก
คุณยังไม่ได้ล็อกอิน คุณสามารถมีกิจกรรมร่วมกับเว็บไซต์ได้ แต่ต้องล็อกอินก่อน ::
  ล็อกอิน

รายการสื่อสารสนเทศ

ลำดับที่ ประเภท เลขเรียก/บาร์โค้ด สถานที่ สถานะ
1. นวนิยาย
นวนิยาย
นว. พ541ส ล.2 ฉ.1 
  Barcode: 23109
ห้องสมุดวิทยาเขตนครสวรรค์
►นวนิยาย:l:Fiction
บนชั้น

รายการใกล้เคียง
    ผู้แต่ง [พัดชา]

BibComment


ยังไม่เคยถูกคอมเมนท์

คอมเมนท์ทรัพยากรรายการนี้
  คอมเมนท์: สามี เล่ม2 พัดชา


 Copyright 2026. Bcnsprnw @Library